El liderazgo al estilo de los jesuitas : las mejores prácticas de una compañía de 450 años que cambió el mundo /

Bibliographic Details
Main Author: Lowney, Chris (Author)
Other Authors: Cárdenas Nannetti, Jorge (Translator)
Format: Electronic eBook
Language:Spanish
English
Published: Buenos Aires : eBook Granica, [2013]
Series:Coaching personal.
Subjects:
Online Access:Digitalia Hispánica

MARC

LEADER 00000nam a2200000Ii 4500
001 DIGGRANC0092
003 NyNyDIG
006 m o d
007 cr |||||||||||
008 250915s2013 ag ob 000 0 spa d
035 |a (OCoLC)1536545470 
040 |a DGITA  |b eng  |e rda  |e pn  |c DGITA 
020 |a 9789506418250  |q eBook 
020 |z 9789506418168 
041 1 |a spa  |h eng 
050 1 4 |a HD57.7 ebook 
100 1 |a Lowney, Chris,  |e author. 
240 1 0 |a Heroic leadership.  |l Spanish  |s (Cárdenas Nannetti) 
245 1 3 |a El liderazgo al estilo de los jesuitas :  |b las mejores prácticas de una compañía de 450 años que cambió el mundo /  |c Chris Lowney ; traducción, Jorge Cárdenas Nannetti. 
264 1 |a Buenos Aires :  |b eBook Granica,  |c [2013] 
300 |a 1 online resource. 
336 |a text  |b txt  |2 rdacontent 
337 |a computer  |b c  |2 rdamedia 
338 |a online resource  |b cr  |2 rdacarrier 
347 |a text file  |2 rdaft 
347 |b EPUB 
347 |b PDF  
490 1 |a Coaching personal  
504 |a Includes bibliographical references. 
588 0 |a Online resource; title from ePub title page (Digitalia, viewed September 15, 2025) 
610 2 0 |a Jesuits  |x History. 
650 0 |a Leadership. 
700 1 |a Cárdenas Nannetti, Jorge,  |e translator. 
700 1 |i Translation of:  |a Lowney, Chris.  |t Heroic leadership. 
791 2 |a Digitalia (Firm),  |e distributor. 
793 0 |g Digitalia eBook Collection:  |a Granica 
776 0 8 |i Print version:  |a Lowney, Chris.  |s Heroic leadership. Spanish (Cárdenas Nannetti).  |t Liderazgo al estilo de los jesuitas.  |d Buenos Aires : Granica, [2013]  |z 9789506418168 
830 0 |a Coaching personal.  
856 4 0 |3 Digitalia Hispánica  |u https://www.digitaliapublishing.com/a/85653/ 
910 |a Premium collection: 2025